Nalaganje...

Environment

Bibliografske podrobnosti
Glavni avtor: Raven, Peter H.
Drugi avtorji: Hassenzahi, David M, Bery, Linda R
Format: Printed Book
Jezik:English
Izdano: New Jersey Wiley 2013
Izdaja:8th ed.
Teme:
LEADER 00754 a2200229 4500
005 20151026133301.0
008 140210b xxu||||| |||| 00| 0 eng d
020 |a 9781118092378 
080 |a 502/504  |b RAV "2013' R 
100 |a Raven, Peter H.  
245 |a Environment   |c Peter H Raven, David M Hassenzahl and Linda R Berg 
250 |a 8th ed. 
260 |c 2013  |b Wiley  |a New Jersey 
300 |a Various pagination 
653 |a Environmental science 
653 |a Ecosystems 
653 |a Environmental toxicology 
700 |a Hassenzahi, David M 
700 |a Bery, Linda R 
942 |c REF  |6 _ 
999 |c 67183  |d 67183 
952 |0 0  |1 0  |2 udc  |4 0  |6 502504_RAV  |7 1  |9 79428  |a UL  |b UL  |c REF  |d 2013-12-06  |g 0.00  |o 502/504 RAV   |p 00070390  |r 2013-12-30  |v 0.00  |w 2013-12-06  |y REF